000 00740nab a2200229 u 4500
001 16281
003 HDC
007 cr bn ---aaaaa
008 210220c20120521xx dr|noo 0 a eng d
040 _aHDC
245 0 _aIndian brands get 'halal' stamp
260 _a[No place] :
_b[publisher not identified],
_c2012
336 _atext
_2rdacontent
337 _acomputer
_2rdamedia
338 _aonline resource
_2rdacarrier
650 _ahalal certification
_9753
650 _ahalal' stamp
_916143
856 _zRequest full-text at [email protected]
942 _2lcc
942 _cNEWS
942 _kNWSO 005675
999 _c13597
_d13597